000 00695nam a2200277Ia 4500
005 20260324122812.0
008 008 260324s9999 xx 000 0 eng d
020 _a9780429484483
037 _aEBOOK
040 _aCRL
040 _beng
040 _cCRL
041 _2eng
041 _aeng
084 _qCRL
100 _aJo L. Ringrose
_91167871
245 0 _aUnderstanding and Treating Dissociative Identity Disorder (or Multiple Personality Disorder)
260 _bTaylor and Francis
260 _c2012
365 _a
365 _b205
856 _uhttp://www.taylorfrancis.com/books/9780429484483
942 _cEBOOK
999 _c1760880
_d1760880